| 000 | 00703nam a2200265 4500 | ||
|---|---|---|---|
| 001 | 16855 | ||
| 003 | BD-RjUL | ||
| 005 | 20211209000047.0 | ||
| 008 | 140215s1969 nyua 001 0 eng d | ||
| 035 | _a(BD-RjUL)16910 | ||
| 040 |
_aDLC _cDLC _dDLC _dBD-RjUL _beng |
||
| 041 | _aeng | ||
| 082 | 0 | 0 |
_a796 _bKES 1969 |
| 100 | 1 |
_aKeith, Harold, _d1903-1998. _952043 |
|
| 245 | 1 | 0 |
_aSports and games / _cHarold Keith. |
| 250 | _a5th ed., rev. | ||
| 260 |
_aNew York : _bCrowell, _c1969. |
||
| 300 |
_aviii, 411 p. : _billus. _c21 cm. |
||
| 504 | _aIncludes indexes. | ||
| 650 | 0 |
_aSports. _952044 |
|
| 650 | 0 |
_aAthletics. _952045 |
|
| 942 |
_2ddc _cBK |
||
| 999 |
_c16855 _d16855 |
||